Sumaria Tolucense, siglo y medio (Record no. 9136)

MARC details
000 -CABECERA
campo de control de longitud fija 00823nam a2200217 a 4500
001 - NÚMERO DE CONTROL
campo de control BRL_323
005 - FECHA Y HORA DE LA ÚLTIMA TRANSACCIÓN
campo de control 20190320210702.0
008 - DATOS DE LONGITUD FIJA--INFORMACIÓN GENERAL
campo de control de longitud fija 290713s1981----mx-a######---#000-0#spa-#
041 ## - CÓDIGO DE LENGUA
Código de lengua del texto/banda sonora o título independiente spa
044 ## - CÓDIGO DEL PAÍS DE LA ENTIDAD EDITORA/PRODUCTORA
Código MARC del país mx
050 #4 - SIGNATURA TOPOGRÁFICA DE LA BIBLIOTECA DEL CONGRESO
Número de clasificación F1391.T6
Número de documento/Ítem .S86 1981
245 10 - MENCIÓN DE TÍTULO
Título Sumaria Tolucense, siglo y medio
Mención de responsabilidad, etc. autores Alfonso Sánchez García ... [et al.].
260 ## - PUBLICACIÓN, DISTRIBUCIÓN, ETC.
Lugar de publicación, distribución, etc. [Toluca, México]
Nombre del editor, distribuidor, etc. Departamento de Comunicación Social y Desarrollo Cultural del H. Ayuntamiento de la Ciudad de Toluca
Fecha de publicación, distribución, etc. 1981
300 ## - DESCRIPCIÓN FÍSICA
Extensión 324 p.
Otras características físicas il. (algunas a color)
Dimensiones 28 cm.
500 ## - NOTA GENERAL
Nota general Edición conmemorativa del Sesquicentenario de la Ciudad de Toluca como Capital del Estado de México
500 ## - NOTA GENERAL
Nota general Au2312
651 #4 - PUNTO DE ACCESO ADICIONAL DE MATERIA--NOMBRE GEOGRÁFICO
Nombre geográfico Toluca de Lerdo (México)
Subdivisión general Historia
9 (RLIN) 23547
700 1# - PUNTO DE ACCESO ADICIONAL--NOMBRE DE PERSONA
Nombre de persona Sánchez García, Alfonso
Fechas asociadas al nombre 1927-
9 (RLIN) 23548
902 ## - CATALOGADOR
Iniciales GRL
942 ## - ELEMENTOS DE PUNTO DE ACCESO ADICIONAL (KOHA)
Fuente del sistema de clasificación o colocación Library of Congress Classification
Tipo de ítem Koha Libros
Holdings
Estado de retiro Estado de pérdida Estado dañado No para préstamo Localización permanente Ubicación/localización actual Fecha de adquisición Número de inventario Total de préstamos Signatura topográfica completa Código de barras Fecha visto por última vez Precio válido a partir de Tipo de ítem Koha
El ejemplar forma parte de la colección y puede ser consultado según las políticas vigentes.       Biblioteca Centro de Estudios Ruth D. Lechuga Biblioteca Centro de Estudios Ruth D. Lechuga 29/07/2013 Au2312   F1391.T6 .S86 1981 (Au2312) GRL00340 22/03/2019 22/03/2019 Libros